00792cam a22002531 4500001001300000003000400013005001700017008004100034010001700075035002000092040001800112042001200130050002800142110001400170240001500184245008200199260006400281300002900345500001700374500005800391500002600449650003100475710003200506sa 63004775 DLC20260227111951.0910124s1962 pk 000 0 eng  asa 63004775  a(OCoLC)24198400 aDLCcViUdDLC apremarc00aKPL956.A311913bA4 19621 aPakistan.10aLaws, etc.14aThe Companies act, 1913 (VII of 1913) :bas modified up to the 31st May 1961. aKarachi, Manager of Publications, Govt. of Pakistan,c1962. a237 p. :bill. ;c25 cm. aCover title. aAt head of title: Govt. of Pakistan, Ministry of Law. aErrata slip inserted. 0aCorporation lawzPakistan.1 aPakistan.bMinistry of Law.